Drinking water chemistry : (Record no. 55776)
[ view plain ]
| 000 -LEADER | |
|---|---|
| fixed length control field | 00749nam a2200229 a 4500 |
| 001 - CONTROL NUMBER | |
| control field | 55776 |
| 003 - CONTROL NUMBER IDENTIFIER | |
| rucl marc code | BD-RjUL |
| 005 - DATE AND TIME OF LATEST TRANSACTION | |
| control field | 20211209080319.0 |
| 008 - FIXED-LENGTH DATA ELEMENTS--GENERAL INFORMATION | |
| fixed length control field | 161121s2002 enk||||| |||| 001 0 eng d |
| 020 ## - INTERNATIONAL STANDARD BOOK NUMBER | |
| International Standard Book Number | 1566704863 |
| 035 ## - SYSTEM CONTROL NUMBER | |
| System control number | (BD-RjUL)55900 |
| 040 ## - CATALOGING SOURCE | |
| Original cataloging agency | BD-RjUL |
| Language of cataloging | eng |
| Transcribing agency | BD-RjUL |
| Modifying agency | BD-RjUL |
| 041 ## - LANGUAGE CODE | |
| Language code of text/sound track or separate title | eng |
| 082 ## - DEWEY DECIMAL CLASSIFICATION NUMBER | |
| Edition number | 23 |
| Classification number | 628.161 |
| Author mark and year | HAD 2002 |
| 100 ## - MAIN ENTRY--PERSONAL NAME | |
| Personal name | Hauser, Barbara A |
| 9 (RLIN) | 166095 |
| 245 ## - TITLE STATEMENT | |
| Title | Drinking water chemistry : |
| Remainder of title | a laboratory manual / |
| Statement of responsibility, etc. | Barbara A. Hauser |
| 260 ## - PUBLICATION, DISTRIBUTION, ETC. (IMPRINT) | |
| Place of publication, distribution, etc. | London : |
| Name of publisher, distributor, etc. | LEWIS PUBLISHERS, |
| Date of publication, distribution, etc. | c2002. |
| 300 ## - PHYSICAL DESCRIPTION | |
| Pagination | 202 p. ; |
| Size | 23 cm. |
| 504 ## - BIBLIOGRAPHY, ETC. NOTE | |
| Bibliography, etc | Includes index and bibliography |
| 650 ## - SUBJECT ADDED ENTRY--TOPICAL TERM | |
| Topical term or geographic name as entry element | Drinking water -- Analysis -- Laboratory manuals |
| Form subdivision | Water quality -- Measurement -- Laboratory manuals. |
| 9 (RLIN) | 166096 |
| 942 ## - ADDED ENTRY ELEMENTS (KOHA) | |
| Source of classification or shelving scheme | Dewey Decimal Classification |
| Koha item type | Books |
| Lost status | Source of classification or shelving scheme | Damaged status | Not for loan | Collection code | Permanent Location | Current Location | Shelving location | Date acquired | Source of acquisition | Cost, normal purchase price | Total Checkouts | Full call number | Date last seen | Copy number | Koha item type |
|---|---|---|---|---|---|---|---|---|---|---|---|---|---|---|---|
| Dewey Decimal Classification | Non-fiction | Central Library, University of Rajshahi | Central Library, University of Rajshahi | 03/09/2003 | Dhaka, Ahsania Minon Book Distri. Home | 10097.98 | 628.161 HAD 2002 | 21/11/2016 | C-2 | Books | |||||
| Dewey Decimal Classification | Not For Loan | Non-fiction | Central Library, University of Rajshahi | Central Library, University of Rajshahi | Reading Room | 03/09/2009 | Dhaka, Ahosamia Mission Book Dist: House | 10097.98 | 628.161 HAD 2002 | 16/03/2017 | C-1 | Books |